<?xml version="1.0" encoding="UTF-8"?>
<record
    xmlns:xsi="http://www.w3.org/2001/XMLSchema-instance"
    xsi:schemaLocation="http://www.loc.gov/MARC21/slim http://www.loc.gov/standards/marcxml/schema/MARC21slim.xsd"
    xmlns="http://www.loc.gov/MARC21/slim">

  <leader>     ngm a22     7a 4500</leader>
  <datafield tag="999" ind1=" " ind2=" ">
    <subfield code="c">137257</subfield>
    <subfield code="d">137255</subfield>
  </datafield>
  <controlfield tag="005">20171010125024.0</controlfield>
  <controlfield tag="008">171010b2011    uk 93 || |||| s0| vceng d</controlfield>
  <datafield tag="050" ind1="0" ind2="4">
    <subfield code="a">PN1995.9.S47</subfield>
    <subfield code="b">M48 2011</subfield>
  </datafield>
  <datafield tag="245" ind1="0" ind2="3">
    <subfield code="a">Un m&#xE9;todo peligroso</subfield>
    <subfield code="c">Direcci&#xF3;n	 David Cronenberg ; Producci&#xF3;n Jeremy Thomas ; Guion Christopher Hampton</subfield>
    <subfield code="h">[videograbaci&#xF3;n]</subfield>
  </datafield>
  <datafield tag="246" ind1=" " ind2=" ">
    <subfield code="a">A Dangerous Method</subfield>
  </datafield>
  <datafield tag="260" ind1=" " ind2=" ">
    <subfield code="a">Reino Unido :</subfield>
    <subfield code="b">Prospero Pictures,</subfield>
    <subfield code="c">2011</subfield>
  </datafield>
  <datafield tag="300" ind1=" " ind2=" ">
    <subfield code="a">1 videodisco (98 min.)</subfield>
    <subfield code="b">sonido, color</subfield>
    <subfield code="c"> 4 3/4 plg.</subfield>
  </datafield>
  <datafield tag="508" ind1=" " ind2=" ">
    <subfield code="a">M&#xFA;sica Howard Shore, Fotograf&#xED;a	Peter Suschitzky, Montaje	Ronald Sanders</subfield>
  </datafield>
  <datafield tag="511" ind1="0" ind2=" ">
    <subfield code="a">Viggo Mortensen
Michael Fassbender
Keira Knightley
Vincent Cassel</subfield>
  </datafield>
  <datafield tag="520" ind1=" " ind2=" ">
    <subfield code="a">En v&#xED;speras de la I Guerra Mundial, las bulliciosas calles de Z&#xFA;rich y Viena sirven de marco para una oscura historia con trasfondo sexual e intelectual.

El psiquiatra Carl Jung, de 29 a&#xF1;os, est&#xE1; empezando su carrera profesional y vive en el hospital Burgh&#xF6;lzli con su esposa embarazada. Jung ensaya el tratamiento experimental inventado por Sigmund Freud, el psicoan&#xE1;lisis o &#x201C;curaci&#xF3;n por la palabra&#x201D;, como tambi&#xE9;n se conoc&#xED;a entonces, con Sabina Spielrein, una paciente de 18 a&#xF1;os. Sabina es una joven rusa de origen jud&#xED;o, muy culta, que habla alem&#xE1;n a la perfecci&#xF3;n, con un diagn&#xF3;stico de histeria que puede llevarla a la violencia. En sus conversaciones con Jung, Sabina revela haber tenido una infancia plagada de humillaciones y palizas que le inflig&#xED;a un padre autoritario. El psicoan&#xE1;lisis no tarda en sacar a la luz un inquietante elemento sexual en su disfunci&#xF3;n, apoyando la teor&#xED;a de Freud que relaciona la sexualidad con los trastornos emocionales.

Jung y Freud traban amistad a trav&#xE9;s de un intercambio epistolar acerca de Sabina, y su primera reuni&#xF3;n solo puede describirse como intensa y extensa. A la vez que la relaci&#xF3;n entre los dos psiquiatras se estrecha, Freud ve en Jung a su heredero intelectual; tambi&#xE9;n lo hace la relaci&#xF3;n entre Jung y Sabina, una mujer brillante a pesar de su enfermedad. El tratamiento tiene &#xE9;xito y Sabina decide convertirse en psiquiatra con el apoyo de Jung.</subfield>
  </datafield>
  <datafield tag="521" ind1=" " ind2=" ">
    <subfield code="a">"C"</subfield>
  </datafield>
  <datafield tag="538" ind1=" " ind2=" ">
    <subfield code="a">DVD</subfield>
  </datafield>
  <datafield tag="546" ind1=" " ind2=" ">
    <subfield code="a">Ingl&#xE9;s, Alem&#xE1;n y Espa&#xF1;ol</subfield>
  </datafield>
  <datafield tag="650" ind1=" " ind2="4">
    <subfield code="a">Drama psicol&#xF3;gico</subfield>
  </datafield>
  <datafield tag="700" ind1="1" ind2=" ">
    <subfield code="a"> David Cronenberg</subfield>
    <subfield code="e">Direcci&#xF3;n</subfield>
  </datafield>
  <datafield tag="700" ind1="1" ind2=" ">
    <subfield code="a">Jeremy Thomas</subfield>
    <subfield code="e">Producci&#xF3;n	</subfield>
  </datafield>
  <datafield tag="700" ind1="1" ind2=" ">
    <subfield code="a">Christopher Hampton</subfield>
    <subfield code="e">Guion	</subfield>
  </datafield>
  <datafield tag="942" ind1=" " ind2=" ">
    <subfield code="2">lcc</subfield>
    <subfield code="c">PEL</subfield>
  </datafield>
  <datafield tag="952" ind1=" " ind2=" ">
    <subfield code="0">0</subfield>
    <subfield code="1">0</subfield>
    <subfield code="2">lcc</subfield>
    <subfield code="4">0</subfield>
    <subfield code="7">0</subfield>
    <subfield code="a">LIC-047</subfield>
    <subfield code="b">LIC-047</subfield>
    <subfield code="c">MA</subfield>
    <subfield code="d">2017-10-10</subfield>
    <subfield code="e">DON</subfield>
    <subfield code="l">1</subfield>
    <subfield code="o">PN1995.9.S47 M48 2011</subfield>
    <subfield code="p">VBFP000233</subfield>
    <subfield code="r">2018-02-09 00:00:00</subfield>
    <subfield code="s">2018-02-07</subfield>
    <subfield code="t">1</subfield>
    <subfield code="w">2017-10-10</subfield>
    <subfield code="y">PEL</subfield>
  </datafield>
</record>
